000 00546nam a2200217Ia 4500
003 0100
008 130303s9999 xx 000 0 und d
020 _a0132028204
040 _cARRUPELIB
050 _aBJ1461.D9
245 _aDeterminism, Free will and moral responsibility
260 _aEnglewood Cliffs, NJ
260 _bPrentice-Hall , Inc.
260 _C1970
300 _avi
300 _b216p. 21cm.
440 _aCentral Issues in Philosophy Series
650 _aETHICS
700 _aDworkin , Gerald (ed.)
942 0 0 _01
999 _c33507
_d33507